Day #68: Countries 6800 km away from Grenada - Statistics

General Stats
  • This quiz has been taken 12 times
  • The average score is 13 of 14
Answer Stats
Answer % Correct
Algeria
100%
Argentina
100%
Burkina Faso
100%
Canada
100%
Chile
100%
Ghana
100%
Mali
100%
Niger
100%
Togo
100%
Iceland
90%
Spain
90%
United Kingdom
90%
United States
90%
France
80%
No matching quizzes found
Score Distribution
Percent of People with Each Score
Percentile by Number Answered
Your Score History
You have not taken this quiz